| 000 | 00540nam a2200217Ia 4500 | ||
|---|---|---|---|
| 003 | OSt | ||
| 005 | 20221005122342.0 | ||
| 006 | a|||||r|||| 00| 0 | ||
| 007 | ta | ||
| 008 | 221004b |||||||| |||| 00| 0 mar d | ||
| 024 | _a46149 | ||
| 037 | _cTextual | ||
| 040 |
_aCRL _cCRL _bmar |
||
| 041 |
_2mar _amar |
||
| 082 | _aV2231:M9, 155D1 | ||
| 100 |
_aBhoslay _9631836 |
||
| 245 | 0 | _aJanjiro sansthancha itihas | |
| 650 | _aHISTORY | ||
| 942 |
_hV2231:M9, 155D1 _cTEXL _2cc |
||
| 999 |
_c1044016 _d1044016 |
||